| 000 | 00842nam a2200313Ia 4500 | ||
|---|---|---|---|
| 003 | OSt | ||
| 005 | 20230425121116.0 | ||
| 008 | 210210b2010 xxu||||| |||| 00| 0 eng d | ||
| 020 | _a9780749459895 | ||
| 040 | _cAL | ||
| 041 | _aeng | ||
| 082 |
_223 _a658.3 _b ARMA |
||
| 100 |
_aARMSTRONG (Michael) _953630 |
||
| 245 |
_aArmstrongs essential: human resource management practice _bGuide to people management |
||
| 260 |
_aLondon _bKogan Page _c2010 |
||
| 300 | _aviii,424 | ||
| 650 |
_ato _953631 |
||
| 650 |
_aresource _953632 |
||
| 650 |
_apractice _953633 |
||
| 650 |
_apeople _953634 |
||
| 650 |
_amanagement _953635 |
||
| 650 |
_ahuman _953636 |
||
| 650 |
_aGuide _953637 |
||
| 650 |
_aessential: _953638 |
||
| 650 |
_aArmstrongs _953639 |
||
| 690 |
_aHuman Resource Management _953640 |
||
| 906 | _a065272 | ||
| 942 |
_2ddc _cBK |
||
| 999 |
_c142574 _d142574 |
||